000 00319pam a2200109a 44500
008 230405s2005 xxu||||| |||| 00| 0 eng d
041 _aENG
100 _aDr. Gupta & Ratna
245 _aMarketing of services : An Indian Perspective Text & cases
260 _a
_bWisdom Publication C-14 D.S.I.D.C
_c2005
906 _a16963
999 _c307462
_d307462